[Event "Manaus op"]
[Site "Manaus"]
[Date "2024.10.16"]
[Round "8"]
[White "Torres, Sharlon Carvalho"]
[Black "Bezerra, Fabiano de Oliveira"]
[Result "0-1"]
[WhiteElo "1842"]
[BlackElo "1896"]
[PlyCount "120"]
[EventDate "2024.10.11"]
[EventType "swiss"]
[EventRounds "9"]
[EventCountry "BRA"]
[SourceTitle "CB43_2024"]
[Source "Chessbase"]
[SourceDate "2024.10.23"]
[SourceVersion "1"]
[SourceVersionDate "2024.10.23"]
[SourceQuality "1"]

1. d4 Nf6 2. Bg5 Ne4 3. Bf4 c5 4. e3 Qb6 5. Nc3 Nxc3 6. bxc3 e6 7. Bd3 Nc6 8. Ne2 d5 9. dxc5 Bxc5 10. 0-0 e5 11. Bg5 e4 12. Rb1 Qc7 13. Bb5 Be6 14. Nd4 0-0 15. Ba4 Rac8 16. Bf4 Qe7 17. Qd2 Na5 18. Bb3 b6 19. Qe2 Nc4 20. Bxc4 dxc4 21. Rfd1 Rfe8 22. Rd2 h6 23. Rbd1 Bxd4 24. Rxd4 Qa3 25. Rxe4 Qxa2 26. Red4 Qa5 27. Qf3 Qf5 28. e4 Qg4 29. Qxg4 Bxg4 30. f3 Be6 31. Ra1 Re7 32. Bd6 Rb7 33. Bg3 Kf8 34. f4 f6 35. Rad1 Ke7 36. f5 Bd7 37. Bd6+ Ke8 38. Kf2 a5 39. g4 Ba4 40. Rc1 Bd7 41. e5 fxe5 42. Bxe5 Kf7 43. Rd6 Rc6 44. Rxc6 Bxc6 45. h4 Rd7 46. Ke3 b5 47. Ra1 a4 48. Bd4 Re7+ 49. Kf4 Re4+ 50. Kg3 Re2 51. Rc1 Rg2+ 52. Kh3 Re2 53. Kg3 Bd7 54. Kf3 Re7 55. Kf4 Bc6 56. g5 Re4+ 57. Kg3 h5 58. g6+ Kg8 59. Rf1 Rg4+ 60. Kh3 Bg2+ 0-1

[Event "Manaus op"]
[Site "Manaus"]
[Date "2024.10.15"]
[Round "7"]
[White "Rodrigues Franca, Carlos Alberto"]
[Black "Torres, Sharlon Carvalho"]
[Result "0-1"]
[WhiteElo "1725"]
[BlackElo "1842"]
[PlyCount "94"]
[EventDate "2024.10.11"]
[EventType "swiss"]
[EventRounds "9"]
[EventCountry "BRA"]
[SourceTitle "CB43_2024"]
[Source "Chessbase"]
[SourceDate "2024.10.23"]
[SourceVersion "1"]
[SourceVersionDate "2024.10.23"]
[SourceQuality "1"]

1. d4 d5 2. c4 c6 3. cxd5 cxd5 4. Nc3 Nf6 5. Bf4 e6 6. e3 Bd6 7. Bxd6 Qxd6 8. Nf3 0-0 9. Bd3 Qb6 10. Qc2 h6 11. 0-0 Nc6 12. a3 Bd7 13. Rfc1 Rfc8 14. b4 Qd8 15. Qb2 b6 16. Ne2 Ne7 17. b5 Rxc1+ 18. Rxc1 Rc8 19. a4 Rxc1+ 20. Qxc1 Qc8 21. Ne5 Qxc1+ 22. Nxc1 Nc8 23. Na2 Be8 24. Nb4 Ne4 25. Bxe4 dxe4 26. Na6 f6 27. Nc4 Bh5 28. Nb4 Be2 29. Nd2 Bd1 30. Nxe4 Bxa4 31. Nc3 Bb3 32. Nc6 Bc4 33. e4 Kf8 34. f3 Ke8 35. Kf2 Kd7 36. Nb8+ Kc7 37. Na6+ Kb7 38. Nb4 Nd6 39. Nc6 Nxb5 40. Nd8+ Ka6 41. Nxb5 Kxb5 42. Ke3 a5 43. Kd2 Kb4 44. Nc6+ Kb3 45. f4 a4 46. f5 a3 47. Kc1 a2 0-1

[Event "Manaus op"]
[Site "Manaus"]
[Date "2024.10.14"]
[Round "6"]
[White "Torres, Sharlon Carvalho"]
[Black "Farias, Sergio Luiz Cardoso"]
[Result "1/2-1/2"]
[WhiteElo "1842"]
[BlackElo "1665"]
[PlyCount "66"]
[EventDate "2024.10.11"]
[EventType "swiss"]
[EventRounds "9"]
[EventCountry "BRA"]
[SourceTitle "CB43_2024"]
[Source "Chessbase"]
[SourceDate "2024.10.23"]
[SourceVersion "1"]
[SourceVersionDate "2024.10.23"]
[SourceQuality "1"]

1. d4 Nf6 2. Bg5 d5 3. Nc3 Nbd7 4. e3 a6 5. Bd3 b5 6. Qf3 Bb7 7. Nge2 e5 8. Bxf6 gxf6 9. Nxd5 Bg7 10. Nxf6+ Nxf6 11. Qxb7 0-0 12. 0-0 Re8 13. dxe5 Ng4 14. Bxh7+ Kh8 15. Bf5 Nxe5 16. f4 Nc4 17. Qf3 Qh4 18. g3 Qh6 19. Rfd1 Nxe3 20. Be4 Nxd1 21. Bxa8 Bd4+ 22. Nxd4 Re1+ 23. Kg2 Ne3+ 24. Kf2 Rxa1 25. Kxe3 Qxh2 26. Qg4 Qg1+ 27. Ke4 Qg2+ 28. Qf3 Re1+ 29. Kf5 Qh3+ 30. Qg4 Qh7+ 31. Kf6 Re8 32. Bb7 Qh6+ 33. Kf5 Qh7+ 1/2-1/2

[Event "Manaus op"]
[Site "Manaus"]
[Date "2024.10.13"]
[Round "4"]
[White "Torres, Sharlon Carvalho"]
[Black "Teles, Wiliams Alves"]
[Result "1-0"]
[WhiteElo "1842"]
[BlackElo "1662"]
[PlyCount "44"]
[EventDate "2024.10.11"]
[EventType "swiss"]
[EventRounds "9"]
[EventCountry "BRA"]
[SourceTitle "CB43_2024"]
[Source "Chessbase"]
[SourceDate "2024.10.23"]
[SourceVersion "1"]
[SourceVersionDate "2024.10.23"]
[SourceQuality "1"]

1. d4 Nf6 2. Bg5 g6 3. Nc3 Bg7 4. e3 d6 5. Bxf6 Bxf6 6. Qf3 Nc6 7. Bb5 Bd7 8. Nge2 0-0 9. 0-0-0 a6 10. Bd3 e6 11. Ne4 Bg7 12. h4 Nb4 13. N2c3 Nxd3+ 14. Rxd3 Bc6 15. Qg3 b5 16. d5 b4 17. dxc6 bxc3 18. Nxc3 Qe8 19. Qf3 d5 20. e4 Qxc6 21. exd5 Qb6 22. Qe3 Qb7 1-0

[Event "Manaus op 2nd"]
[Site "Manaus"]
[Date "2023.10.14"]
[Round "6"]
[White "Torres, Sharlon Carvalho"]
[Black "De Almeida Neto, Geraldo Walter"]
[Result "1/2-1/2"]
[WhiteElo "1792"]
[BlackElo "1800"]
[PlyCount "99"]
[EventDate "2023.10.11"]
[EventType "swiss"]
[EventRounds "9"]
[EventCountry "BRA"]
[SourceTitle "CBM 216 Extra"]
[Source "ChessBase"]
[SourceDate "2023.11.30"]
[SourceVersion "1"]
[SourceVersionDate "2023.11.30"]
[SourceQuality "1"]

1. d4 Nf6 2. c4 g6 3. Nc3 Bg7 4. e4 d6 5. Nf3 0-0 6. Be2 Nbd7 7. 0-0 e5 8. d5 Nc5 9. Bg5 a5 10. a4 h6 11. Bxf6 Qxf6 12. Nd2 Qe7 13. Nb3 b6 14. Nxc5 bxc5 15. Qc2 f5 16. f3 f4 17. Ra3 h5 18. Rf2 g5 19. h3 Kf7 20. Kf1 g4 21. hxg4 hxg4 22. fxg4 Qh4 23. Ke1 Qh1+ 24. Bf1 Bxg4 25. Nb5 Rac8 26. g3 Qh6 27. gxf4 Ke7 28. f5 Bf6 29. Na7 Ra8 30. Nc6+ Kd7 31. Rg3 Rg8 32. Rh2 Bh4 33. Rxh4 Qxh4 34. Qf2 Qh6 35. Qd2 Qh5 36. f6 Raf8 37. Qxa5 Rxf6 38. Qb5 Rxf1+ 39. Kxf1 Qh1+ 40. Kf2 Rf8+ 41. Ke3 Qe1+ 42. Kd3 Qxg3+ 43. Kc2 Qg1 44. Nxe5+ Ke7 45. Ng6+ Kf7 46. Nxf8 Bd1+ 47. Kd2 Qd4+ 48. Kc1 Qd3 49. Qd7+ Kxf8 50. Qd8+ 1/2-1/2

[Event "Manaus op 2nd"]
[Site "Manaus"]
[Date "2023.10.12"]
[Round "3"]
[White "Cardoso, Manuel Augusto Pint"]
[Black "Torres, Sharlon Carvalho"]
[Result "1-0"]
[WhiteElo "1793"]
[BlackElo "1792"]
[PlyCount "61"]
[EventDate "2023.10.11"]
[EventType "swiss"]
[EventRounds "9"]
[EventCountry "BRA"]
[SourceTitle "CBM 216 Extra"]
[Source "ChessBase"]
[SourceDate "2023.11.30"]
[SourceVersion "1"]
[SourceVersionDate "2023.11.30"]
[SourceQuality "1"]

1. e4 c6 2. d4 d5 3. e5 Bf5 4. Bd3 Bxd3 5. Qxd3 e6 6. Nf3 c5 7. c3 Nc6 8. 0-0 cxd4 9. cxd4 Nge7 10. Bg5 Qb6 11. Nc3 Nf5 12. Be3 Be7 13. Nxd5 exd5 14. Qxf5 g6 15. Qd3 0-0 16. a3 Rfe8 17. b4 Nd8 18. Rac1 Ne6 19. b5 Rec8 20. a4 a6 21. Qb3 Rd8 22. Rc3 axb5 23. Qxb5 Qxb5 24. axb5 Rdc8 25. Rfc1 Rxc3 26. Rxc3 Ra1+ 27. Rc1 Rxc1+ 28. Bxc1 b6 29. Kf1 Nc7 30. Ke2 Nxb5 31. Ke3 1-0